000 00365nam a22001577a 4500
003 OSt
005 20220114101441.0
008 220114b |||||||| |||| 00| 0 eng d
020 _a139781259025969
040 _cHU
082 _a532.0501518
100 _aAnderson D.John
_927963
245 _aComutational Fluid Dynamics
300 _f547
942 _2ddc
_cBOOKS
_n0
999 _c26996
_d26996